[Event "It \"]
[Site "masterchessopen.com Lvov (Ukraine)"]
[Date "2009.04.14"]
[Round "5"]
[White "Oleksienko Mikhailo (UKR)"]
[Black "Legky Nikolay A (UKR)"]
[Result "1-0"]
[WhiteElo "2543"]
[BlackElo "2428"]

1.e4 e6 2.d4 d5 3.Nd2 c5 4.Ngf3 a6 5.exd5 exd5 6.dxc5 Bxc5 7.Bd3 Qe7+ 8.Be2
Nf6 9.O-O O-O 10.Nb3 Bb6 11.Bg5 Nc6 12.Bh4 Bg4 13.Re1 Qd6 14.c4 Rad8 15.c5
Bxc5 16.Bxf6 gxf6 17.Nh4 Bc8 18.Bd3 Ne5 19.Bxh7+ Kxh7 20.Qc2+ Kg7 21.Nxc5 Rh8
22.Nxb7 Qd7 23.Nxd8 Rxh4 24.Rac1 Rc4 25.Qd2 Qxd8 26.Rxc4 Nxc4 27.Qc3 Be6
28.Qg3+ Kf8 29.b3 Nd6 30.Rc1 Ne4 31.Qf4 Qa5 32.a4 Qb6 33.h4 Qxb3 34.f3 Nc3
35.Re1 Qb6+ 36.Kh2 Ke7 37.h5 d4 38.h6 Nd5 39.Qg3 Ne3 {#r} 1-0

[Event "It \"]
[Site "masterchessopen.com Prievidza (Slovakia)"]
[Round "0"]
[White "Franzen Jozef (SVK)"]
[Black "Trikaliotis Georgios (GRE)"]
[Result "1-0"]
[WhiteElo "2302"]
[BlackElo "2247"]

1.e4 e6 2.d4 d5 3.Nd2 c5 4.Ngf3 a6 5.exd5 exd5 6.Be2 Nc6 7.O-O Bd6 8.c4 Nge7
9.cxd5 Nxd5 10.Ne4 cxd4 11.Nxd6+ Qxd6 12.Nxd4 O-O 13.Nxc6 bxc6 14.Qd4 Re8
15.Bf3 a5 16.Bd2 Be6 17.Rac1 Rec8 18.Rc5 a4 19.Rfc1 Qd7 20.Qh4 Rab8 21.Qg3
Rxb2 22.Bh6 f6 23.Bxd5 Bxd5 24.Rxd5 Qb7 25.Rdd1 Kh8 26.Be3 Rxa2 27.Qg4 Rg8
28.Rd7 Qb2 29.h4 a3 30.Ra7 Ra1 31.Qd1 Ra2 32.Rb1 Qe5 33.Qd3 Qh5 34.g3 Qf3
35.Rxa3 Rxa3 36.Qxa3 Rd8 37.Qd6 Rg8 38.Rc1 {#r} 1-0

[Event "It \"]
[Site "masterchessopen.com Moscow (Russia)"]
[Round "0"]
[White "Osnos Viatcheslav (RUS)"]
[Black "Uusi Gunnar (EST)"]
[Result "1-0"]
[WhiteElo "2384"]
[BlackElo "2410"]

1.e4 e6 2.d4 d5 3.Nd2 a6 4.Ngf3 c5 5.exd5 exd5 6.dxc5 Bxc5 7.Nb3 Ba7 8.Bd3 Nf6
9.Qe2+ Be6 10.Nbd4 Qe7 11.O-O Nc6 12.Nxc6 bxc6 13.Bxa6 O-O 14.Bd3 Qb7 15.b3
Rfe8 16.Bb2 Bg4 17.Qd2 Bxf3 18.gxf3 d4 19.Qf4 c5 20.Qf5 Re6 21.Rfe1 Rae8
22.Rxe6 Rxe6 23.Bc4 Re8 24.Kf1 Qc7 25.Bb5 Rb8 26.a4 Qd6 27.Bc1 Nd5 28.Bc4 Rd8
29.Bg5 g6 30.Qe4 Nf6 31.Qh4 Kg7 32.Re1 h5 33.Re6 fxe6 34.Bxf6+ {#r} 1-0

[Event "It \"]
[Site "masterchessopen.com Olomouc (Czech Republic)"]
[Round "6"]
[White "Cernousek Lukas (CZE)"]
[Black "Wiley Tom E (ENG)"]
[Result "1-0"]
[WhiteElo "2343"]
[BlackElo "2227"]

1.e4 e6 2.d4 d5 3.Nd2 c5 4.Ngf3 a6 5.exd5 exd5 6.dxc5 Bxc5 7.Nb3 Bb6 8.Nbd4
Nf6 9.h3 O-O 10.Be2 Nc6 11.Bf4 Re8 12.Be3 Ne4 13.c3 Ng3 14.Nxc6 bxc6 15.Bxb6
Nxe2 16.Be3 Ng3 17.fxg3 Rxe3+ 18.Kf2 Re4 19.Re1 Qb6+ 20.Kf1 Bf5 21.Qd2 Rb8
22.b3 h6 23.Qf2 a5 24.Qxb6 Rxb6 25.Nd2 Rxe1+ 26.Rxe1 Kf8 27.Kf2 Be6 28.Rc1 c5
29.c4 d4 30.Re1 Ke7 31.Ne4 Rc6 32.g4 Kd7 33.g5 hxg5 34.Nxg5 a4 35.Nxe6 fxe6
36.Re5 Kd6 37.Rg5 axb3 38.axb3 Rb6 39.Rxg7 Rxb3 40.h4 Ke5 41.h5 Ke4 42.h6 Rb2+
43.Kg3 Rb8 44.Kh4 d3 45.Rd7 Rh8 46.Kh5 Rg8 47.g4 Kf4 48.Rf7+ Kg3 49.g5 Rd8
50.Rf1 Rd4 51.Rh1 d2 52.Rd1 e5 53.h7 Rxc4 54.Rxd2 Rh4+ 55.Kg6 e4 56.Kg7 e3
57.Rc2 Kf3 58.Rxc5 e2 59.Rc1 {#r} 1-0

[Event "It \"]
[Site "masterchessopen.com Berlin (Germany)"]
[Date "2003.10.13"]
[Round "1"]
[White "Pfeiffer Joerg (GER)"]
[Black "Zschaebitz Klaus (GER)"]
[Result "0-1"]
[WhiteElo "1793"]
[BlackElo "2135"]

1.e4 e6 2.d4 d5 3.Nd2 a6 4.Ngf3 c5 5.exd5 exd5 6.dxc5 Bxc5 7.Nb3 Bb6 8.Bd3 Nf6
9.O-O O-O 10.Re1 Nc6 11.c3 Bg4 12.h3 Bh5 13.Be3 Re8 14.Bxb6 Qxb6 15.Be2 a5
16.Qc2 Rac8 17.Rad1 Bg6 18.Qc1 Re4 19.Ng5 Re7 20.Bf1 Rxe1 21.Rxe1 a4 22.Nd2
Nd4 23.Ndf3 Nf5 24.g4 Nd6 25.Nh4 Be4 26.Nxe4 Nfxe4 27.Qe3 Qxb2 28.Nf5 Nxf5
29.gxf5 Qxc3 30.Qxc3 Nxc3 31.Re7 Rb8 32.Bg2 Kf8 33.Rc7 Ne2+ 34.Kh2 Nf4 35.Bf3
g5 36.fxg6 hxg6 37.Kg3 Ne6 38.Rd7 d4 39.Rxb7 Rxb7 40.Bxb7 Ke7 41.Bc6 a3 42.Kf3
Ng5+ 43.Kg4 f6 44.h4 Nf7 45.Kf4 Ne5 46.Ba4 Nd3+ 47.Kf3 Nc1 48.Ke4 d3 49.Ke3
Kf8 50.Kd2 Nxa2 51.Kxd3 Nb4+ 52.Kc3 Kg7 53.Bb3 a2 54.Kb2 Kh6 55.Bd1 Nd3+
56.Kxa2 Nxf2 57.Be2 Ne4 58.Kb2 Ng3 59.Bf3 Nf5 60.h5 g5 {#R} 0-1

[Event "It \"]
[Site "masterchessopen.com Barcelona (Spain)"]
[Date "2010.12.28"]
[Round "3"]
[White "Munoz Pantoja Miguel (PER)"]
[Black "Gonzalez Rodriguez Jorge A (COL)"]
[Result "1-0"]
[WhiteElo "2503"]
[BlackElo "2399"]

1.e4 e6 2.d4 d5 3.Nd2 a6 4.Ngf3 c5 5.exd5 exd5 6.dxc5 Bxc5 7.Bd3 Qe7+ 8.Be2
Nf6 9.O-O O-O 10.Nb3 Ba7 11.Bg5 Qd6 12.c4 Rd8 13.cxd5 Qxd5 14.Bc4 Qxd1
15.Raxd1 Nc6 16.Na5 Be6 17.Nxc6 bxc6 18.Bxe6 fxe6 19.Ne5 c5 20.Bxf6 gxf6
21.Nc6 Rxd1 22.Rxd1 Bb6 23.Rd7 c4 24.Kf1 Bc5 25.Na5 Rc8 26.Nxc4 Bxf2 27.b3 Bc5
28.Ke2 h5 29.Kd3 Rc6 30.a3 Bg1 31.h3 Rc5 32.Nd2 Rg5 33.Ne4 Rxg2 34.Nxf6+ Kf8
35.Nxh5 Rh2 36.Nf4 e5 37.Ng6+ Ke8 38.Rh7 Bd4 39.h4 Rh3+ 40.Kc4 Rc3+ 41.Kd5
Rxb3 42.h5 Ba1 43.a4 e4 44.Re7+ Kd8 45.Rxe4 Rh3 46.Nf4 Rh1 47.Kc6 a5 48.Kd6
Kc8 49.Re8+ Kb7 50.Re7+ Kb8 51.Rh7 Bc3 52.Ne6 Bd2 53.Nd4 Bf4+ 54.Kc6 Rc1+
55.Kb6 Bc7+ 56.Ka6 Kc8 57.Rh8+ Kd7 58.Nb5 Rc6+ 59.Kb7 {#r} 1-0

[Event "It \"]
[Site "masterchessopen.com Jyvaskyla (Finland)"]
[Round "0"]
[White "Topi-Hulmi Teemu (FIN)"]
[Black "Kekki Petri (FIN)"]
[Result "0-1"]
[WhiteElo "2102"]
[BlackElo "2342"]

1.e4 e6 2.d4 d5 3.Nd2 a6 4.Ngf3 c5 5.exd5 exd5 6.dxc5 Bxc5 7.Nb3 Ba7 8.Be2 Nc6
9.c3 Nf6 10.O-O O-O 11.Nfd4 Re8 12.Be3 Ne5 13.Qc2 Qd6 14.h3 Ne4 15.Rfe1 Bb8
16.Nf3 Nxf3+ 17.Bxf3 Qh2+ 18.Kf1 Bf5 19.Qd1 Bf4 20.Nd4 Bg6 21.Ne2 Qh1+ 22.Ng1
Ng3+ 23.fxg3 Bxe3 24.Rxe3 Rxe3 25.Qxd5 Rae8 26.Qxb7 Be4 27.Bxe4 R3xe4 28.Rd1
R4e6 {#R} 0-1

[Event "It \"]
[Site "masterchessopen.com Pardubice (Czech Republic)"]
[Date "2009.07.18"]
[Round "4"]
[White "Novotny Michal (CZE)"]
[Black "Hlas Jan (SVK)"]
[Result "0-1"]
[WhiteElo "2300"]
[BlackElo "2255"]

1.e4 e6 2.d4 d5 3.Nd2 c5 4.Ngf3 a6 5.exd5 exd5 6.dxc5 Bxc5 7.Nb3 Bb6 8.Bg5 Ne7
9.Qe2 Nc6 10.O-O-O Be6 11.Nfd4 O-O 12.g3 Qd7 13.Be3 Ba7 14.Nxe6 fxe6 15.Bxa7
Nxa7 16.Bh3 Nf5 17.Rhe1 Rac8 18.Bxf5 Rxf5 19.Qe3 Nb5 20.f4 Rf6 21.Re2 Qc6
22.g4 Nd6 23.Nd4 Qd7 24.Qb3 Nc4 25.g5 Rxf4 26.Nxe6 Rf7 27.Qd3 Re7 28.g6 hxg6
29.Qxg6 Rc6 30.Rde1 Rb6 31.Qf5 Rf7 32.Qd3 Nxb2 33.Qd4 Nc4 34.Nxg7 Qh3 35.a3
Qh6+ 36.Rd2 {#R} 0-1

[Event "It (active)"]
[Site "masterchessopen.com Oviedo (Spain)"]
[Round "0"]
[White "De La Villa Garcia Jesus M (ESP)"]
[Black "Wade Robert G (ENG)"]
[Result "1-0"]
[WhiteElo "2475"]
[BlackElo "2148"]

1.e4 e6 2.d4 d5 3.Nd2 c5 4.Ngf3 a6 5.exd5 exd5 6.dxc5 Bxc5 7.Nb3 Ba7 8.Bg5 Ne7
9.Qd2 Nbc6 10.O-O-O Bg4 11.Qf4 Bxf3 12.Qxf3 f6 13.Be3 Ne5 14.Qh3 Bxe3+ 15.Qxe3
Qc7 16.Qc5 Rc8 17.Qxc7 Rxc7 18.Nd4 Kf7 19.g3 N7c6 20.Bh3 Nxd4 21.Rxd4 f5
22.Re1 Rhc8 23.c3 Rc4 24.Red1 b5 25.Bf1 Rxd4 26.Rxd4 Rc5 27.Kd2 a5 28.b4 axb4
29.cxb4 Rc7 30.Bxb5 Ke6 31.f4 Nf7 32.a4 Nd6 33.Bd3 Ne4+ 34.Bxe4 fxe4 35.b5 Kd6
36.b6 Rb7 37.Rb4 Kc5 38.Rb5+ Kc6 39.f5 h5 40.h3 d4 41.g4 hxg4 42.hxg4 d3 43.g5
Re7 44.b7 {#r} 1-0

[Event "It (b)"]
[Site "masterchessopen.com Israel"]
[Round "0"]
[White "Kogan Artur (ISR)"]
[Black "Zifroni Dov (ISR)"]
[Result "1-0"]
[WhiteElo "2563"]
[BlackElo "2497"]

1.e4 e6 2.d4 d5 3.Nd2 a6 4.Ngf3 c5 5.exd5 exd5 6.Be2 c4 7.O-O Bd6 8.Re1 Ne7
9.b3 b5 10.c3 O-O 11.a4 Bb7 12.Nf1 Nbc6 13.b4 bxa4 14.Qxa4 Na7 15.Ne3 Nb5
16.Bd2 Ng6 17.Qc2 a5 18.bxa5 Rxa5 19.Nf5 Qa8 20.Rxa5 Qxa5 21.Nxd6 Nxd6 22.Qb2
Ra8 23.h4 Qb5 24.Qxb5 Nxb5 25.h5 Nf8 26.Rb1 Ra5 27.Ne5 Nd6 28.Bf3 f6 29.Ng4
Ne6 30.Rb6 Ra6 31.Rxa6 Bxa6 32.Bxd5 Kf7 33.Bc1 Ke7 34.g3 Nc7 35.Bg8 h6 36.Ba3
Ne8 37.Ne3 Kd7 38.g4 Kc6 39.Be6 Nc7 40.d5+ {#r} 1-0

[Event "It (blitz) ACP (final)"]
[Site "masterchessopen.com Internet"]
[Date "2004.04.17"]
[Round "2"]
[White "Kobalia Mikhail (RUS)"]
[Black "Kiriakov Petr (RUS)"]
[Result "1-0"]
[WhiteElo "2621"]
[BlackElo "2555"]

{ Kobalia Mikhail (RUS) +0 =4 -1 Kiriakov Petr (RUS) +5 =10 -0 Kobalia Mikhail
(RUS)-Kiriakov Petr (RUS) +0 =1 -0 } 1.e4 e6 2.d4 d5 3.Nd2 a6 4.Ngf3 c5 5.exd5
exd5 6.Be2 c4 ( 6...Nf6 7.O-O cxd4 8.Nb3 Nc6 9.Re1 Be7 10.Nbxd4 O-O 11.Bg5 h6
12.Bf4 Re8 13.c3 Ne4 14.Bd3 Bf6 15.Qc2 Ng5 16.Rxe8+ Qxe8 17.Re1 Qd8 18.Nxg5
hxg5 19.Bc7 Qf8 20.Nxc6 bxc6 21.Bd6 Qd8 22.Bc7 Qf8 23.Be5 Bxe5 24.Rxe5 f6
25.Re3 Bd7 26.Qe2 { ...1/2-1/2, Kobalia Mikhail 2430 - Kiriakov Petr 2495 ,
Moscow 1995 Ch Russia (juniors) } ) 7.O-O Bd6 { ?/= } 8.Re1 Ne7 9.b3 cxb3 (
9...b5 10.a4 Bb7 11.axb5 axb5 12.Rxa8 Bxa8 13.Nf1 Nbc6 14.Ng3 O-O 15.c3 Bb7
16.b4 Qc7 17.Qc2 f6 18.Bd1 Bc8 19.Qe2 Bg4 20.Bc2 Bxg3 21.hxg3 Qd7 22.Qe3 Bf5
23.Bd1 Ra8 24.Be2 h6 25.Nh2 Ra2 26.Bf3 Kf7 27.g4 Bd3 28.Nf1 Nd8 29.Ng3 {
...1/2-1/2, Kanatov Askar 2285 - Kiriakov Petr 2545 , Tomsk 1998 Cup Russia
(open) } ) 10.axb3 O-O 11.Nf1 Nbc6 12.Ng3 { -0.18 CAP } ( 12.Ne3 Bb4 (
12...Re8 13.c4 Bf5 { +0.26 CAP } ) 13.Bd2 Nf5 ( 13...Bxd2 14.Qxd2 Qd6 15.c4
Be6 16.c5 Qf4 17.b4 Nf5 18.Red1 Nxe3 19.fxe3 Qh6 20.Ra3 Bg4 21.Rda1 Rae8 22.b5
axb5 23.Bxb5 Bxf3 24.gxf3 Re6 25.Bf1 Rfe8 26.Bg2 Ne7 27.f4 Nf5 28.e4 dxe4
29.d5 e3 30.Qd3 Ra6 31.Rxa6 bxa6 { ...1-0, Hennigan Michael 2345 - Gurevich
Mikhail 2645 , Philadelphia 1989 It (open) } ) 14.Bd3 Nxe3 15.Rxe3 Bg4 16.c3
Bd6 17.Qc2 Bf4 18.Ree1 Bxd2 19.Nxd2 Rc8 20.Qb1 Kh8 21.Nf1 Qf6 22.Ne3 Be6
23.Be2 Ne7 24.Qd3 Ng6 25.g3 Rfd8 26.Ng4 Qe7 27.f4 Qd7 28.Ne3 Ne7 29.Bf3 g6
30.Re2 Ng8 31.g4 Nh6 { ...1/2-1/2, Kobalia Mikhail 2505 - Blees Albert 2430 ,
Wijk aan Zee 1998 It (cat.11) } ) 12...h6 { N } ( 12...Nf5 13.c3 Nxg3 14.hxg3
Bf5 15.Bd3 Qd7 16.Bf4 Bxd3 17.Qxd3 Rfe8 18.Ng5 g6 19.Bxd6 Qxd6 20.Qf3 Qd7
21.Nh3 Rad8 22.Nf4 Rxe1+ 23.Rxe1 h5 24.Nd3 Kg7 25.Re3 b6 26.Qf4 Qd6 27.Ne5
Nxe5 28.dxe5 Qe6 29.Qd4 Re8 { 1/2-1/2, Shanava Konstantine 2417 - Gurevich
Mikhail 2656 , Pardubice 2003 It (open) } ) ( 12...f5 13.Bb2 f4 14.Nf1 Ng6
15.c4 Kh8 16.cxd5 Nb4 17.Ne5 Bf5 18.Rc1 Nxd5 19.Bf3 Bb4 20.Nxg6+ Bxg6 21.Re5
Bf7 22.Nd2 a5 23.Ne4 Ra6 24.Nc5 Rb6 25.Qe2 Nf6 26.Nxb7 Qb8 27.Nxa5 Bxa5
28.Rxa5 Re8 29.Re5 Rxb3 30.Bc3 Rd8 31.h3 h6 32.Qd2 { ...1-0, Cela Altin 2415 -
Skalkotas Nikolaos 2310 , Athens 1996 Cup Athens (1/4 final) } ) 13.c3 Be6
14.Bd3 Qc7 15.Bc2 Bxg3 { ?! } ( 15...Rfe8 { !? } 16.Qd3 Ng6 17.Bb2 Rac8 { } )
16.hxg3 Bf5 17.Bxf5 Nxf5 18.Qd3 Qd7 19.Ne5 Nxe5 20.Rxe5 Ne7 21.Ba3 Rfe8
22.Bxe7 { ?! } ( 22.Qf3 { !? } 22...Rad8 23.Rae1 Nc6 24.Rxe8+ { } ) 22...Rxe7
23.Ra5 Rxe5 24.dxe5 Rd8 25.Qd4 h5 26.b4 g6 27.Kh2 Qe6 { ? } ( { ? } 27...Qc6 {
} ) 28.c4 Re8 29.Rxd5 Qf5 30.Rd7 b5 { ?! } ( 30...Qxe5 { !? } 31.Qxe5 Rxe5
32.Rxb7 a5 { } ) 31.cxb5 { ? } ( { ? } 31.c5 Qe6 32.Qd6 a5 33.bxa5 { } )
31...axb5 32.Rd5 Rb8 33.f3 Qe6 34.Rd6 Qc4 { ?! } ( 34...Qe7 { !? } 35.e6 fxe6
36.Rd7 Qf8 { } ) 35.Qd2 { ?? } ( { ? } 35.Qa7 Rf8 36.e6 Qxb4 37.exf7+ { } )
35...Re8 36.Rd5 Kg7 37.Rc5 Qf1 38.Qd4 Re6 39.Rc7 h4 40.Qxh4 Qe2 41.Qf4 Qxe5
42.Qxf7+ Kh6 43.Qh7+ Kg5 44.f4+ { } {#r} 1-0

[Event "It (cat.15)"]
[Site "masterchessopen.com Novosibirsk (Russia)"]
[Round "6"]
[White "Svidler Peter (RUS)"]
[Black "Dreev Alexey (RUS)"]
[Result "1-0"]
[WhiteElo "2635"]
[BlackElo "2670"]

1.e4 e6 2.d4 d5 3.Nd2 a6 4.Ngf3 c5 5.exd5 exd5 6.Be2 cxd4 7.O-O Bd6 8.Re1 Ne7
9.Nb3 Nbc6 10.Nbxd4 O-O 11.Be3 Bg4 12.c3 Qc7 13.h3 Bh5 14.Qc2 Rfe8 15.Bd3 h6 (
15...Bg6 { !? } ) 16.Nh4 Ne5 17.Be2 Bxe2 18.Rxe2 N7g6 { ?! } ( 18...Nc4 )
19.Nxg6 Nxg6 20.Nf5 Bc5 { ?! } ( 20...Be5 ) 21.Rd2 Rad8 22.Rad1 Nf4 { ? } (
22...Re5 23.a4 { ± } ) 23.Qa4 { ! } 23...Bxe3 24.fxe3 Ne6 25.Rxd5 { ± }
25...h5 26.Nd6 Rf8 27.Qb4 g6 28.c4 b6 29.Qc3 Nc5 30.Qf6 Ne6 31.b3 b5 32.c5 b4
33.Ne4 Rxd5 34.Rxd5 Rc8 35.Qf1 Qc6 36.Qa1 { ! } 36...Rd8 37.Rxd8+ Nxd8 38.Qd4
Ne6 39.Qxb4 f5 40.Nc3 Qxc5 41.Qxc5 Nxc5 42.b4 Nd3 43.Nd5 Kf7 44.a3 Nb2 45.Kf2
h4 46.Ke2 g5 47.Nb6 Ke6 48.a4 Kd6 49.Kd2 {#r} 1-0

[Event "It (cat.7)"]
[Site "masterchessopen.com Keszthely (Hungary)"]
[Round "0"]
[White "Chandler Murray G (ENG)"]
[Black "Razuvaev Yuri S (RUS)"]
[Result "1-0"]
[WhiteElo "2530"]
[BlackElo "2525"]

1.e4 e6 2.d4 d5 3.Nd2 a6 4.Ngf3 c5 5.exd5 exd5 6.Be2 Nf6 7.O-O Be7 8.dxc5 Bxc5
9.Nb3 Be7 10.Be3 O-O 11.Nfd4 Re8 12.Re1 Nbd7 13.Nf5 Bf8 14.Bd3 Ne5 15.Bd4 Nxd3
16.Qxd3 Ne4 17.Ng3 Nd6 18.Rad1 Bg4 19.Rc1 Nc4 20.Rxe8 Qxe8 21.Bc3 Qd8 22.Re1
b5 23.Nd4 Rc8 24.a3 h6 25.h3 Bd7 26.Ndf5 Bxf5 27.Nxf5 Rc6 28.Bxg7 Re6 29.Rxe6
fxe6 30.Qg3 Kh7 31.Bxf8 Qxf8 32.Qc7+ Kg6 33.Nh4+ Kf6 34.Qf4+ Kg7 35.Qg3+ Kf7
36.Qf4+ Ke8 37.Qd4 Qf7 38.Nf3 Qg6 39.Ne1 Qe4 40.Qh8+ Kd7 41.Nd3 Qe2 42.Nc5+
Kc7 43.Qh7+ Kd6 44.b4 Qe1+ 45.Kh2 Qe5+ 46.g3 Qf5 47.Qd7+ Ke5 48.Qg7+ Kd6
49.Qd7+ Ke5 50.Qg7+ Kd6 51.Kg1 Ne5 52.f4 Nf3+ 53.Kf1 e5 54.g4 {#r} 1-0

[Event "It (cat.7)"]
[Site "masterchessopen.com Pancevo (Yugoslavia)"]
[Round "4"]
[White "Renet Olivier (FRA)"]
[Black "Raicevic Vladimir (SRB)"]
[Result "0-1"]
[WhiteElo "2420"]
[BlackElo "2089"]

1.e4 e6 2.d4 d5 3.Nd2 a6 4.Ngf3 c5 5.exd5 exd5 6.dxc5 Bxc5 7.Nb3 Ba7 8.Qe2+
Ne7 9.Be3 O-O 10.O-O-O Nbc6 11.Bxa7 Rxa7 12.Qd2 Bg4 13.Be2 Qd6 14.h3 Bf5
15.Nfd4 Bg6 16.h4 h6 17.h5 Bh7 18.Kb1 Rc8 19.Rh3 Nb4 20.Rc3 Raa8 21.Bg4 Rc4
22.Nf5 Rxc3 23.Nxd6 Rxc2 24.Bf5 Nxf5 25.Qxb4 Ne3 26.Ka1 Nxd1 27.Qxb7 Rf8 28.a3
Rxb2 29.Qc7 Rxb3 30.g4 Nc3 {#R} 0-1

[Event "It (cat.8)"]
[Site "masterchessopen.com Bayamo (Cuba)"]
[Round "0"]
[White "Alzate Dario (COL)"]
[Black "Lebredo Gerardo (CUB)"]
[Result "0-1"]
[WhiteElo "2390"]
[BlackElo "2375"]

1.e4 e6 2.d4 d5 3.Nd2 a6 4.Ngf3 c5 5.exd5 exd5 6.dxc5 Bxc5 7.Nb3 Ba7 8.Bd3
Qe7+ 9.Be2 Nf6 10.O-O O-O 11.Bg5 h6 12.Bh4 g5 13.Bg3 Ne4 14.Bxb8 Rxb8 15.Qxd5
Ra8 16.Qa5 g4 17.Qe5 Qxe5 18.Nxe5 g3 19.hxg3 Re8 20.Nxf7 Be6 21.Nxh6+ Kg7
22.Bd3 Nxf2 23.Nf5+ Bxf5 24.Rxf2 Rf8 25.Rf1 Bg4 26.Nd2 Rae8 27.Nf3 Rxf3
28.gxf3 Bxf3 29.Bf5 Rh8 {#R} 0-1

[Event "It (cat.8)"]
[Site "masterchessopen.com Trnava (Slovakia)"]
[Round "0"]
[White "Sznapik Aleksander (POL)"]
[Black "Cabrilo Goran (SRB)"]
[Result "0-1"]
[WhiteElo "2445"]
[BlackElo "2430"]

1.e4 e6 2.d4 d5 3.Nd2 a6 4.Ngf3 c5 5.exd5 exd5 6.Be2 Nf6 7.O-O Be7 8.dxc5 Bxc5
9.Nb3 Bd6 10.Bg5 O-O 11.c3 Re8 12.Nbd4 Nc6 13.Be3 Bg4 14.h3 Bh5 15.Nf5 Bc7
16.Qb3 Bg6 17.N3h4 Qd7 18.Qc2 Re4 19.Nxg6 Qxf5 20.Nh4 Qe6 21.Nf3 Rxe3 22.fxe3
Qxe3+ 23.Kh1 Ne4 24.g4 Ng3+ 25.Kg2 Qxe2+ 26.Rf2 Qxc2 27.Rxc2 Re8 28.Nd4 Nxd4
29.cxd4 Re2+ 30.Rxe2 Nxe2 31.Re1 Nf4+ 32.Kf3 Ne6 33.Ke3 Kf8 {#R} 0-1

[Event "It (cat.9)"]
[Site "masterchessopen.com Budapest (Hungary)"]
[Round "1"]
[White "Hellers Ferdinand (SWE)"]
[Black "Kosten Anthony C (FRA)"]
[Result "1-0"]
[WhiteElo "2490"]
[BlackElo "2510"]

1.e4 e6 2.d4 d5 3.Nd2 c5 4.Ngf3 a6 5.exd5 exd5 6.dxc5 Bxc5 7.Nb3 Bb6 8.Bd3
Qe7+ 9.Qe2 Nc6 10.Bg5 Qxe2+ 11.Kxe2 Bg4 12.Rhe1 Nge7 13.h3 Bxf3+ 14.Kxf3 f6
15.Be3 Ne5+ 16.Ke2 Bxe3 17.Kxe3 O-O-O 18.Nd4 Nc4+ 19.Kf3 Ng6 20.Kg3 Nd6
21.Rad1 Ne5 22.Bf5+ Kb8 23.f4 Nec4 24.b3 Nb6 25.Bd3 Rd7 26.Re6 h6 27.Nf5 Nbc8
28.Nxd6 Nxd6 29.Bg6 Nc8 30.Rde1 Rc7 31.Kg4 Ka7 32.Bd3 Rd8 33.Re8 Rxe8 34.Rxe8
Ne7 35.Kh5 d4 36.g4 Kb6 37.Be4 Rc5+ 38.g5 Nc6 39.h4 hxg5 40.hxg5 fxg5 41.fxg5
Rc3 42.Kg4 Re3 43.Kf4 Rh3 44.a3 {#r} 1-0

[Event "It (open)"]
[Site "masterchessopen.com Edinburgh (Scotland)"]
[Round "1"]
[White "Fox Anthony (IRL)"]
[Black "Thomson Craig S M (SCO)"]
[Result "0-1"]
[WhiteElo "2089"]
[BlackElo "2293"]

1.e4 e6 2.d4 d5 3.Nd2 a6 4.Ngf3 c5 5.exd5 exd5 6.dxc5 Bxc5 7.Nb3 Ba7 8.Be2 Nf6
9.O-O O-O 10.Bg5 Nc6 11.c3 Re8 12.Bh4 Bg4 13.Nfd4 Bxe2 14.Nxe2 Re4 15.Bg3 Nh5
16.Qc2 Qe7 17.Ned4 Bxd4 18.Nxd4 Nxd4 19.cxd4 Nxg3 20.hxg3 Rxd4 21.Rad1 Rxd1
22.Rxd1 Rd8 23.Rd4 Qe1+ 24.Kh2 Qe5 25.Qd2 Rd6 26.Kg1 Qf5 27.Qc1 h6 28.a3 Rc6
29.Qd1 Qc2 30.Rxd5 Qxb2 31.Rd8+ Kh7 32.Qd3+ g6 33.Rd7 Rc1+ 34.Kh2 Qxf2 35.Qd5
Qg1+ 36.Kh3 Qh1+ 37.Kg4 Rc4+ 38.Qxc4 Qh5+ 39.Kf4 Qf5+ 40.Ke3 Qxd7 41.Kf2 b5
42.Qc3 Qa7+ 43.Kf1 Qb6 44.Qb3 Kg7 45.Qb4 a5 46.Qd2 b4 47.axb4 axb4 48.Ke2 Qe6+
49.Kd1 Qb3+ 50.Ke2 Qc3 {#R} 0-1

[Event "It (open)"]
[Site "masterchessopen.com New York (USA)"]
[Round "0"]
[White "Torre Eugenio (PHI)"]
[Black "Dizdar Goran (CRO)"]
[Result "1-0"]
[WhiteElo "2560"]
[BlackElo "2505"]

1.e4 e6 2.d4 d5 3.Nd2 c5 4.Ngf3 a6 5.exd5 exd5 6.Be2 Nf6 7.O-O Be7 8.dxc5 Bxc5
9.Nb3 Ba7 10.Bg5 O-O 11.c3 Nc6 12.Bxf6 Qxf6 13.Qxd5 Bg4 14.Rfe1 Rae8 15.h3
Bxf3 16.Bxf3 Qh4 17.Qd2 Re6 18.Bxc6 Rxc6 19.Re2 Rg6 20.Qd3 Rd8 21.Rae1 Re6
22.Qf3 h6 23.Rxe6 fxe6 24.Qe2 Kh8 25.Rf1 Qa4 26.Nc1 Qf4 27.Nb3 Qa4 28.Qc2 Rf8
29.a3 e5 30.Nd4 Qc4 31.Nf3 Rxf3 32.gxf3 Qf4 33.Qg6 {#r} 1-0

[Event "It (open)"]
[Site "masterchessopen.com Royan (France)"]
[Round "0"]
[White "Doncevic Dario (CRO)"]
[Black "Cabrilo Goran (SRB)"]
[Result "1-0"]
[WhiteElo "2321"]
[BlackElo "2454"]

1.e4 e6 2.d4 d5 3.Nd2 c5 4.exd5 exd5 5.Ngf3 a6 6.dxc5 Bxc5 7.Nb3 Bb6 8.Bd3
Qe7+ 9.Qe2 Qxe2+ 10.Kxe2 Nf6 11.Be3 Bxe3 12.Kxe3 O-O 13.Rae1 Nc6 14.Nfd4 Ne5
15.Kd2 Re8 16.Re2 Nc4+ 17.Kc1 Rxe2 18.Nxe2 Ng4 19.f3 Nge3 20.Rg1 Bf5 21.Nbd4
Re8 22.g4 Bxd3 23.cxd3 Nd6 24.Kd2 Kf8 25.b3 h5 26.h3 h4 27.Nc3 f5 28.Nce2 Kf7
29.g5 g6 30.Nf4 Nb5 31.Nxb5 axb5 32.d4 {#r} 1-0

[Event "It (open)"]
[Site "masterchessopen.com Bankja (Bulgaria)"]
[Round "5"]
[White "Zahariev Zahari (BUL)"]
[Black "Berovski Krum (BUL)"]
[Result "1-0"]
[WhiteElo "2398"]
[BlackElo "2318"]

1.e4 e6 2.d4 d5 3.Nd2 c5 4.Ngf3 a6 5.exd5 exd5 6.dxc5 Bxc5 7.Nb3 Bb6 8.Bd3 Nf6
9.Qe2+ Be6 10.Bg5 O-O 11.O-O-O Nbd7 12.h3 Qc7 13.Nfd4 Rfe8 14.Qd2 Rac8 15.Kb1
h6 16.Bf4 Qd8 17.g4 Nc5 18.Nxc5 Bxc5 19.Nxe6 fxe6 20.g5 hxg5 21.Bxg5 e5 22.Bf5
Rc6 23.Rhg1 d4 24.Qe2 Kf8 25.Be4 Rb6 26.Rd3 Bb4 27.Bxf6 gxf6 28.Rb3 Qc8 29.Qh5
Ke7 30.Rg7+ Kd8 31.Rxb4 {#r} 1-0

[Event "It (open)"]
[Site "masterchessopen.com Leukerbad (Switzerland)"]
[Round "0"]
[White "Walther Edgar (SUI)"]
[Black "Grinfeld Alla B (USA)"]
[Result "1-0"]
[WhiteElo "2254"]
[BlackElo "2253"]

1.e4 e6 2.d4 d5 3.Nd2 a6 4.Ngf3 c5 5.exd5 exd5 6.Be2 c4 7.O-O Bd6 8.Re1 Ne7
9.b3 b5 10.Nf1 Nbc6 11.a4 Rb8 12.axb5 axb5 13.Ne3 O-O 14.Bf1 h6 15.g3 Be6
16.Bg2 Qc7 17.bxc4 bxc4 18.Ba3 Bxa3 19.Rxa3 Rb2 20.c3 Rfb8 21.Nd2 Na7 22.Qc1
Nac8 23.Nc2 Nc6 24.Nf1 R2b5 25.Nfe3 N8e7 26.Ra1 Na5 27.Qd1 Nb3 28.Ra4 Nc6
29.f4 Ra5 30.Rxa5 Qxa5 31.f5 Bd7 32.Nxd5 Bxf5 33.Ncb4 Nxb4 34.cxb4 Qb5 35.Re5
Qd7 36.Rxf5 Kf8 37.Re5 Qa7 38.Re4 Rd8 39.Rf4 Qa2 40.Qh5 Qa1+ 41.Bf1 Rd7 42.Nb6
Re7 43.Nc8 Rc7 44.Qd5 {#r} 1-0

[Event "It (open)"]
[Site "masterchessopen.com Norway"]
[Round "0"]
[White "Engedal Kim Nikolai (NOR)"]
[Black "Stigar Petter (NOR)"]
[Result "0-1"]
[WhiteElo "2230"]
[BlackElo "2298"]

1.e4 e6 2.d4 d5 3.Nd2 c5 4.exd5 exd5 5.Ngf3 a6 6.Be2 Nf6 7.O-O Be7 8.dxc5 Bxc5
9.Nb3 Be7 10.Nfd4 O-O 11.Bf3 Nc6 12.Bg5 Qd6 13.Bh4 Be6 14.Re1 Rfe8 15.c3 Rad8
16.Qc2 Nxd4 17.Nxd4 Bc8 18.Re2 g6 19.Rd1 b5 20.Qb3 Kf8 21.Nc2 Be6 22.Rd4 h6
23.Nb4 Qb6 24.Bxf6 Bxf6 25.Nxd5 Bxd4 26.Nxb6 Bxb3 27.cxd4 Bxa2 28.Rxe8+ Kxe8
29.Bc6+ Ke7 30.d5 Kd6 31.Kf1 Kc5 32.Nd7+ Rxd7 33.Bxd7 Bxd5 34.Ke2 Kd4 35.Be8
Bc4+ 36.Kd2 g5 37.Bc6 a5 38.Kc2 a4 39.g3 Bb3+ 40.Kd2 b4 41.Kc1 a3 42.Kb1 Kd3
43.Bb5+ Bc4 44.Bc6 Ke2 45.bxa3 bxa3 46.f4 g4 47.Bd7 h5 48.h3 Kf3 49.hxg4 hxg4
50.f5 Kxg3 51.f6 Kf4 52.Bc8 g3 {#R} 0-1

[Event "It (open)"]
[Site "masterchessopen.com Kecskemet (Hungary)"]
[Round "9"]
[White "Baum Bernd Dr (GER)"]
[Black "Peric Slavisa (SRB)"]
[Result "1-0"]
[WhiteElo "2294"]
[BlackElo "2205"]

1.e4 e6 2.d4 d5 3.Nd2 a6 4.Ngf3 c5 5.exd5 exd5 6.dxc5 Bxc5 7.Nb3 Bb6 8.Bd3 Ne7
9.O-O Nbc6 10.c3 O-O 11.Re1 h6 12.Be3 Bc7 13.h3 Bf5 14.Bc5 Bxd3 15.Qxd3 Re8
16.Rad1 Bd6 17.Re2 Bxc5 18.Nxc5 Qc7 19.Nb3 Red8 20.Nbd4 Ng6 21.Ne6 fxe6
22.Qxg6 Rd6 23.Rxe6 Ne7 24.Qg3 Rad8 25.Nd4 Qd7 26.Rde1 Nc8 27.Nf5 Rxe6 28.Rxe6
Kf8 29.Qe5 Qf7 30.Nxh6 gxh6 31.Qh8+ Qg8 {#r} 1-0